<?xml version="1.0" encoding="UTF-8"?>
<marc:record xmlns:marc="http://www.loc.gov/MARC21/slim">
   <marc:leader>00000nam a2200000 a 4500</marc:leader>
   <marc:datafield ind1="1" ind2=" " tag="100">
      <marc:subfield code="a">Auster, Paul</marc:subfield>
      <marc:subfield code="4">aut</marc:subfield>
      <marc:subfield code="e">Verfasser/-in</marc:subfield>
   </marc:datafield>
   <marc:datafield ind1="1" ind2=" " tag="100">
      <marc:subfield code="a">Schmitz, Werner</marc:subfield>
   </marc:datafield>
   <marc:datafield ind1=" " ind2=" " tag="653">
      <marc:subfield code="a">Stephen Crane</marc:subfield>
   </marc:datafield>
   <marc:datafield ind1=" " ind2=" " tag="653">
      <marc:subfield code="a">The Red Badge of Courage</marc:subfield>
   </marc:datafield>
   <marc:datafield ind1=" " ind2=" " tag="653">
      <marc:subfield code="a">Amerikanischer Bürgerkrieg</marc:subfield>
   </marc:datafield>
   <marc:datafield ind1=" " ind2=" " tag="653">
      <marc:subfield code="a">Spanisch-Amerikanischer Krieg</marc:subfield>
   </marc:datafield>
   <marc:datafield ind1=" " ind2=" " tag="653">
      <marc:subfield code="a">Griechisch-Türkischer Krieg</marc:subfield>
   </marc:datafield>
   <marc:datafield ind1=" " ind2=" " tag="653">
      <marc:subfield code="a">Die rote Tapferkeitsmedaille</marc:subfield>
   </marc:datafield>
   <marc:datafield ind1=" " ind2=" " tag="653">
      <marc:subfield code="a">Biographie</marc:subfield>
   </marc:datafield>
   <marc:datafield ind1=" " ind2=" " tag="653">
      <marc:subfield code="a">Softcover / Sachbücher/Kunst</marc:subfield>
   </marc:datafield>
   <marc:datafield ind1=" " ind2=" " tag="653">
      <marc:subfield code="a">Literatur/Biographien</marc:subfield>
   </marc:datafield>
   <marc:datafield ind1=" " ind2=" " tag="653">
      <marc:subfield code="a">Autobiographien</marc:subfield>
   </marc:datafield>
   <marc:datafield ind1="0" ind2="0" tag="245">
      <marc:subfield code="a">In Flammen</marc:subfield>
   </marc:datafield>
   <marc:datafield ind1="0" ind2="0" tag="245">
      <marc:subfield code="b">Leben und Werk von Stephen Crane</marc:subfield>
   </marc:datafield>
   <marc:datafield ind1="0" ind2="0" tag="245">
      <marc:subfield code="c">Paul Auster</marc:subfield>
   </marc:datafield>
   <marc:datafield ind1=" " ind2="1" tag="264">
      <marc:subfield code="a">Hamburg</marc:subfield>
      <marc:subfield code="b">Rowohlt</marc:subfield>
      <marc:subfield code="c">2022</marc:subfield>
   </marc:datafield>
   <marc:datafield ind1=" " ind2=" " tag="250">
      <marc:subfield code="a">1. Auflage</marc:subfield>
   </marc:datafield>
   <marc:datafield ind1="1" ind2=" " tag="520">
      <marc:subfield code="a">Angaben aus der Verlagsmeldung

In Flammen : Leben und Werk von Stephen Crane The Burning Boy Auster, In Flammen / von Paul Auster

Paul Auster nimmt den Leser mit auf eine lebhafte Reise durch die kurzen 29 Jahre von Stephen Cranes Leben. Crane war der strahlende Stern der US-Literatur zur Jahrhundertwende, ein Frühvollendeter in jeder Hinsicht – wichtigster Vertreter des amerikanischen Naturalismus und Autor des legendären Bürgerkriegsromans «The Red Badge of Courage» («Die rote Tapferkeitsmedaille»). In den wenigen Jahren, die ihm vergönnt waren, verfasste er neben diesem ikonischen Roman ein reiches Werk aus Lyrik, Kurzgeschichten und Novellen und führte ein abenteuerliches, ja fiebriges Leben u. a. als Kriegskorrespondent im Spanisch-Amerikanischen und im Griechisch-Türkischen Krieg. Er erlitt Schiffbruch vor der kubanischen Küste, wurde in eine skandalöse Liebesaffäre verwickelt, die ihn zwang, seine Heimat zu verlassen, bereiste mehrere Kontinente, wurde in Kriegseinsätzen beschossen – all dies vor dem Hintergrund des pulsierenden, sich rapide wandelnden Lebens im blühenden Industriezeitalter. Und so ist Austers liebevoll genaues und detailreiches Porträt des Schriftstellers Crane auch eines seiner Zeit und der Welt im Fin de Siècle des neunzehnten Jahrhunderts am Übergang zum zwanzigsten.

</marc:subfield>
   </marc:datafield>
   <marc:datafield ind1=" " ind2=" " tag="020">
      <marc:subfield code="a">9783498001674</marc:subfield>
      <marc:subfield code="9">9783498001674</marc:subfield>
   </marc:datafield>
   <marc:datafield ind1=" " ind2=" " tag="020">
      <marc:subfield code="a">3498001671</marc:subfield>
      <marc:subfield code="9">3498001671</marc:subfield>
   </marc:datafield>
   <marc:datafield ind1=" " ind2=" " tag="041">
      <marc:subfield code="a">ger</marc:subfield>
   </marc:datafield>
   <marc:datafield ind1=" " ind2=" " tag="300">
      <marc:subfield code="a">1200 Seiten</marc:subfield>
   </marc:datafield>
</marc:record>
